Information geometry and its applications /
Guardado en:
| Autor Principal: | |
|---|---|
| Formato: | Libro |
| Idioma: | English |
| Publicado: |
Japan :
Springer,
[2016]
|
| Series: | Applied mathematical sciences (Springer-Verlag New York Inc.) ;
v. 194. |
| Materias: | |
| Etiquetas: |
Agregar Etiqueta
Sin Etiquetas, Sea el primero en etiquetar este registro!
|
| LEADER | 01740cam a22004337i 4500 | ||
|---|---|---|---|
| 001 | MAT.inmabb007181 | ||
| 008 | 151127t20162016ja#a#####b####001#0#eng#d | ||
| 005 | 20191120104421.0 | ||
| 245 | 1 | 0 | |a Information geometry and its applications / |c Shun-ichi Amari. |
| 264 | 1 | |a Japan : |b Springer, |c [2016] | |
| 264 | 4 | |c ©2016 | |
| 300 | |a xiii, 374 pages : |b illustrations ; |c 24 cm. | ||
| 336 | |a text |b txt |2 rdacontent | ||
| 337 | |a unmediated |b n |2 rdamedia | ||
| 338 | |a volume |b nc |2 rdacarrier | ||
| 490 | 1 | |a Applied mathematical sciences, |x 0066-5452 ; |v volume 194 | |
| 504 | |a Incluye referencias bibliográficas e índice. | ||
| 510 | 4 | |a MR, |c *REVIEW #* | |
| 020 | |a 9784431559771 (pbk : acid-free paper) | ||
| 020 | |a 4431559779 (pbk : acid-free paper) | ||
| 020 | |z 9784431559788 (ebook) | ||
| 100 | 1 | |a Amari, Shun'ichi, |e author. | |
| 830 | 0 | |a Applied mathematical sciences (Springer-Verlag New York Inc.) ; |v v. 194. | |
| 650 | 0 | |a Geometry, Differential. | |
| 650 | 0 | |a Mathematical statistics. | |
| 650 | 0 | |a Information theory in mathematics. | |
| 650 | 0 | |a Information theory |x Mathematics. | |
| 650 | 7 | |a Geometry, Differential. |2 fast |0 (OCoLC)fst00940919 | |
| 650 | 7 | |a Information theory in mathematics. |2 fast |0 (OCoLC)fst00973175 | |
| 650 | 7 | |a Information theory |x Mathematics. |2 fast |0 (OCoLC)fst00973153 | |
| 650 | 7 | |a Mathematical statistics. |2 fast |0 (OCoLC)fst01012127 | |
| 650 | 7 | |a Géométrie différentielle. |2 ram | |
| 650 | 7 | |a Statistique mathématique. |2 ram | |
| 650 | 7 | |a Information, Théorie de l'. |2 ramºººººº | |
| 084 | |a *CODIGO* |2 MR | ||
| 010 | |a 2015958849 | ||
| 040 | |a YDXCP |b eng |c YDXCP |e rda |d BTCTA |d OCLCQ |d EAU |d OCLCO |d OHX |d PAU |d OCLCF |d ZWZ |d DLC | ||
| 072 | |a QA |2 lcco | ||
| 859 | |p A-9287 |b BIB. MATEMATICA | ||
